000 00700nam a2200181 4500
005 20251216135947.0
008 170705b xxu||||| |||| 00| 0 eng d
022 _a0091-4169
082 _aDPer 364.05 J826 Summer 2011 v. 101 n. 3
100 _921044
_aMcNeal, Gregory S.
245 _aThe status quo bias and counterterrorism detention /
_cGregory S. McNeal.
260 _aEvanston ;
_bNorthwestern University Press ,
_cSummer 2011.
300 _aVolume 101, pages 855-884 :
_b25 cm.
500 _aThe Journal of Criminal Law and Criminology, vol. 101, no. 3, pages 855-884, Summer 2011.
650 0 _921045
_aTerrorism
_xPrevention
700 _aMcNeal, Gregory S.
_921044
942 _2ddc
_cPER
999 _c6950
_d6950